| 000 | 00442 a2200133 4500 | ||
|---|---|---|---|
| 001 | 91458 | ||
| 082 | _aPR 2372 | ||
| 090 |
_c43590 _d43589 |
||
| 100 | _aMuhammad Shoaib, Prof Khurram Rehman and Taimoor Qureshi (Advisors) | ||
| 245 |
_aDevelopment of Electrically Operated / Controlled Drag chute Development System for Mirage Aircraft _n61 "A" EC |
||
| 260 |
_aRawalpindi _bNUST _c2005 |
||
| 300 | _aviii, 56p | ||
| 500 | _aBE Project Reports | ||
| 942 |
_aCAE NUST _kPR 2372 |
||
| 999 |
_c326531 _d326531 |
||